|
|
|
|
| LEADER |
00000nam2a2200000 4500 |
| 001 |
13990 |
| 005 |
20231030185306.0 |
| 035 |
|
|
|a (RuTPU)RU\TPU\book\14078
|
| 035 |
|
|
|a BOOK00014147
|
| 090 |
|
|
|a 13990
|
| 100 |
|
|
|a 20011209d2000 m y0rusy50 ca
|
| 101 |
0 |
|
|a rus
|
| 102 |
|
|
|a RU
|
| 105 |
|
|
|a y j 000zy
|
| 200 |
0 |
|
|a Кн. 2 : Психология образования
|
| 210 |
|
|
|d 2000
|
| 215 |
|
|
|a 606 с.
|
| 451 |
|
1 |
|0 (RuTPU)RU\TPU\book\83558
|y 5-691-00233-3
|t Кн. 2 : Психология образования
|e 3-е изд.
|d 2002
|d 1999
|p 606 с.
|
| 451 |
|
1 |
|0 (RuTPU)RU\TPU\book\13556
|y 5691002333
|t Кн. 2 : Психология образования
|p 606 с.
|
| 461 |
|
1 |
|0 (RuTPU)RU\TPU\book\67675
|t Психология
|o Учебник
|o В 3 кн.
|f Р. С. Немов
|v Кн. 2 : Психология образования
|e 3-е изд.
|d 2000
|
| 610 |
1 |
|
|a психология
|
| 610 |
1 |
|
|a детская психология
|
| 610 |
1 |
|
|a дети
|
| 610 |
1 |
|
|a поведение
|
| 610 |
1 |
|
|a познание
|
| 610 |
1 |
|
|a личность
|
| 610 |
1 |
|
|a обучение
|
| 610 |
1 |
|
|a воспитание
|
| 610 |
1 |
|
|a педагогика
|
| 610 |
1 |
|
|a педагогическая психология
|
| 610 |
1 |
|
|a учебные пособия
|
| 686 |
|
|
|a Ю93я73
|v LBC/SL-A
|2 rubbk
|
| 686 |
|
|
|a Ю98я73
|v LBC/SL-A
|2 rubbk
|
| 801 |
|
0 |
|a RU
|b 63413507
|c 20011209
|g PSBO
|
| 801 |
|
2 |
|a RU
|b 63413507
|c 20160303
|g PSBO
|
| 942 |
|
|
|c BK
|